हमें देखती आँखे : (Record no. 118084)

MARC details
000 -LEADER
fixed length control field 01232nam a22002537a 4500
005 - DATE AND TIME OF LATEST TRANSACTION
control field 20170124103106.0
010 ## - LIBRARY OF CONGRESS CONTROL NUMBER
LC control number A-701227
020 ## - INTERNATIONAL STANDARD BOOK NUMBER
Terms of availability 150.00
035 ## - SYSTEM CONTROL NUMBER
System control number A-701227
037 ## - SOURCE OF ACQUISITION
Source of stock number/acquisition Cen Lib/Ret
040 ## - CATALOGING SOURCE
Original cataloging agency DPL
Language of cataloging HN
082 ## - DEWEY DECIMAL CLASSIFICATION NUMBER
Classification number 080
Item number नागर
100 ## - MAIN ENTRY--PERSONAL NAME
Personal name नागर, विष्णु
9 (RLIN) 78259
245 ## - TITLE STATEMENT
Title हमें देखती आँखे :
Statement of responsibility, etc विष्णु नागर
Remainder of title उत्तर भारत के सामाजिक-सांस्कृतिक जीवन पर एक लेखनीय नज़र /
246 ## - VARYING FORM OF TITLE
Title proper/short title Hame dekheti ankhe : uttar Bharat ke samajaik-sanskritik jeevan par ek lekhaniya nazar /
Remainder of title by Vishnu Nagar
260 ## - PUBLICATION, DISTRIBUTION, ETC. (IMPRINT)
Place of publication, distribution, etc नई दिल्ली
Name of publisher, distributor, etc प्रवीन प्रकाशन
Date of publication, distribution, etc 1995
270 ## - ADDRESS
City नई दिल्ली
Address 1/1079 ई, महरौली
Postal code 110030
300 ## - PHYSICAL DESCRIPTION
Extent 247पृ.
Dimensions 21सेमी (सजिल्द)
650 ## - SUBJECT ADDED ENTRY--TOPICAL TERM
Topical term or geographic name as entry element हिंदी--पत्रकारिता
9 (RLIN) 1191
650 ## - SUBJECT ADDED ENTRY--TOPICAL TERM
Topical term or geographic name as entry element सामाजिक-सांस्कृतिक--लेखन
9 (RLIN) 78260
650 ## - SUBJECT ADDED ENTRY--TOPICAL TERM
Topical term or geographic name as entry element Hindi - Journalism
9 (RLIN) 43511
650 ## - SUBJECT ADDED ENTRY--TOPICAL TERM
Topical term or geographic name as entry element Socio-cultural - Writingy
9 (RLIN) 78261
942 ## - ADDED ENTRY ELEMENTS (KOHA)
Source of classification or shelving scheme Dewey Decimal Classification
Koha item type Hindi Books
Classification part 080
Call number suffix नागर
Holdings
Withdrawn status Lost status Damaged status Not for loan Home library Current library Date acquired Source of acquisition Cost, normal purchase price Total Checkouts Total Renewals Full call number Barcode Date last seen Date checked out Copy number Cost, replacement price Price effective from Koha item type Public note
Withdrawn       Central Library Central Library 10/09/2015 Cen Lib/Ref 150.00 1 1 080 नागर A-701227 01/05/2018 04/04/2018 1 150.00 10/09/2015 Hindi Books W/d List no-9002/10

© Delhi Public Library
Hit Counter
free hit counter